瀬棚線の駅 - Statistics

General Stats
  • This quiz has been taken 6 times
  • The average score is 5 of 11
Answer Stats
Answer % Correct
国縫
100%
瀬棚
100%
今金
80%
茶屋川
60%
美利河
60%
北檜山
60%
花石
20%
丹羽
20%
北住吉
0%
種川
0%
神丘
0%
No matching quizzes found
Score Distribution
Percent of People with Each Score
Percentile by Number Answered
Your Score History
You have not taken this quiz